Vista normal
Vista MARC
Entrada Materia (personas)
Número de registros utilizados en: 1
001 - CONTROL NUMBER
- control field: 149439
003 - CONTROL NUMBER IDENTIFIER
- control field: Co-BoUCM
005 - DATE AND TIME OF LATEST TRANSACTION
- control field: 20211025104349.0
008 - FIXED-LENGTH DATA ELEMENTS
- fixed length control field: 211025|| aca||aabn | a|a d
040 ## - CATALOGING SOURCE
- Original cataloging agency: Co-BoUCM
- Transcribing agency: Co-BoUCM
100 ## - HEADING--PERSONAL NAME
- Personal name: Bosco, Juan, Santo
- Dates associated with a name: 1815-1888
670 ## - SOURCE DATA FOUND
- Source citation: Work cat.: (Co-BoUCM)85659: Bosco, Juan, Santo 1815-1888, Compendio de historia eclesiastica para la juventud y util para toda clase de personas, 1872